| 000 | 01089nam a22003618a 4500 | ||
|---|---|---|---|
| 001 | BK0008392079 | ||
| 003 | DLC | ||
| 005 | 20241220124810.0 | ||
| 008 | 100121s2010 nyu 000 1 eng | ||
| 010 | _a2010001938 | ||
| 020 |
_a9780385343169 : HRD _c$28.00 |
||
| 020 |
_a0385343167 : HRD _c$28.00 |
||
| 037 |
_bRandom House Inc, Attn Order Entry 400 Hahn rd, Westminster, MD, USA, 21157 _nSAN 201-3975 |
||
| 040 |
_aDLC _cDLC |
||
| 050 | 0 | 0 |
_aPS3569.T33828 _bF36 2010 |
| 082 | 0 | 0 |
_a813/.54 _222 |
| 092 | _a813.5400 | ||
| 092 | _aSTEEL | ||
| 100 | 1 |
_aSteel, Danielle. _912350 |
|
| 245 | 1 | 0 |
_aFamily ties : _ba novel / _cDanielle Steel. |
| 250 | _a1st ed. | ||
| 260 |
_aNew York : _bDelacorte Press, _c2010. |
||
| 263 | _a1007 | ||
| 300 | _a352 | ||
| 650 | 0 |
_aWomen architects _vFiction. _96388564 |
|
| 650 | 0 |
_aSingle women _vFiction. _95676145 |
|
| 650 | 0 |
_aOrphans _vFiction. _95673861 |
|
| 650 | 0 |
_aParenting _vFiction. _95704696 |
|
| 650 | 0 |
_aParent and adult child _vFiction. _95695363 |
|
| 655 | 0 |
_aDomestic fiction. _96205302 |
|
| 942 |
_cBOOK _065 |
||
| 998 | _aa132755 | ||
| 999 |
_c68025 _d68025 |
||